| 000 | 00000nas 2200000za 4500 |
| 001 | 9.806412 |
| 003 | CaOODSP |
| 005 | 20221107135904 |
| 007 | cr ||||||||||| |
| 008 | 151126d19491949oncmr p oss f000#a0eng|d |
| 022 | |y0837-9319 |
| 040 | |aCaOODSP|beng |
| 043 | |an-cn--- |
| 086 | 1 |aCS72-003E-PDF |
| 245 | 00|aMan hours and hourly earnings, statistics of average hours of work, average hourly earnings and average weekly wages reported at the first of ...|h[electronic resource]. |
| 246 | 14|aMan-hours and hourly earnings, reported at the first of ... |fMay 1949-Nov. 1949 |
| 260 | |aOttawa : |bDominion Bureau of Statistics, Employment Section, |c1949-[1950]. |
| 310 | |aMonthly |
| 362 | 0 |aMar. 1949-Nov. 1949. |
| 500 | |aDigitized edition from print [produced by Statistics Canada]. |
| 692 | 07|2gccst|aEmployment |
| 710 | 1 |aCanada. |bDominion Bureau of Statistics. |bEmployment Section. |
| 780 | 00|tStatistics of average hours worked and average hourly earnings as reported at the beginning of ... |w(CaOODSP)9.806403 |
| 785 | 00|tMan-hours and hourly earnings |w(CaOODSP)9.806416 |